[Event "UKR-chT 2019"]
[Site "Chornomorsk"]
[Date "2019.05.25"]
[Round "6.2"]
[White "Moiseenko, Alexander"]
[Black "Roshka, Yevgeniy"]
[Result "0-1"]
[WhiteElo "2642"]
[BlackElo "2276"]
[Annotator "TA"]
[PlyCount "106"]
[EventDate "2019.05.20"]
[EventCountry "UKR"]
[SourceTitle "playchess.com"]
[Source "ChessBase"]
[SourceQuality "1"]

{[%evp 9,138,23,77,77,92,77,79,67,62,66,85,86,73,47,65,45,29,32,24,22,29,-16,-17,-24,19,0,0,0,-2,-14,-32,-25,0,0,0,-20,-16,-96,-81,-93,-15,-37,-40,-133,-129,-129,-132,-129,-131,-126,-132,-131,-131,-134,-133,-132,-129,-180,-161,-235,-238,-251,-241,-241,-244,-245,-240,-231,-224,-202,-141,-277,-270,-270,-268,-268,-268,-240,-196,-268,-254,-356,-345,-312,-282,-317,-320,-314,-325,-324,-288,-303,-303,-320,-371,-712,-677,-815,-810,-766,-771,-764,-751,-729,-711,-700,-706,-680,-592,-612,-812,-1502,-1525,-1237,-1181,-2002,-1932,-5181,-1936,-4168,-4690,-2122,-1566,-5285,-4119,-2855,-2749,-1895,-1697,-29980,-29979]} 1. d4 d6 2. e4 Nf6 3. f3 e5 4. d5 Be7 5. c4 c5 (5... a5 $11) (5... O-O 6. Nc3 c6 7. Be3 a6 8. Rc1 Qa5 9. a3 Nbd7 10. Bd3 cxd5 11. cxd5 b5 12. Qd2 Bb7 {1-0 (26) Ivanchuk,V (2728)-Kuzubov,Y (2635) Izmir 2016}) 6. Nc3 $16 {B07: Pirc Defence: Miscellaneous Systems} Nh5 7. Be3 Bg5 8. Bf2 {White is better.} g6 9. h4 Bh6 10. g4 Nf4 11. Nh3 Na6 $146 ({Predecessor:} 11... a6 12. g5 Bg7 13. Nxf4 exf4 {0-1 (36) Camus,A (1958)-Garcia Cano,A (2247) Llinars del Valles 2014}) 12. Bg3 Nxh3 13. Bxh3 Bf4 14. Bf2 h5 15. g5 Bxh3 16. Rxh3 f6 17. gxf6 O-O 18. Ne2 Bh6 19. a3 Rxf6 20. Qd3 Qa5+ 21. Kf1 Rb8 22. Nc3 Nc7 23. Be3 (23. Kg2 $11) 23... Bxe3 $17 24. Qxe3 Kh7 (24... Kg7 $1 $17 25. Ne2 Qa6) 25. Qg5 Rbf8 26. Kg2 {[#]} ({White should play} 26. Nd1 $1 $15) 26... Qa6 $1 27. b3 {[#]} b5 $1 28. cxb5 Nxb5 29. Nxb5 Qxb5 30. Qe3 Rb8 31. Rb1 a5 32. Rg3 Rf4 33. Kf2 (33. Rb2 $17) 33... Rbf8 $19 {[%cal Bb8f8,Bf8f6,Bf6f7][%mdl 32]} 34. Rbg1 (34. Rb2 $142) 34... R8f6 35. Rh3 a4 36. bxa4 Qxa4 {Hoping for ...Rxe4.} 37. Kg2 Qc2+ 38. Kh1 Rf7 39. Rg2 Qc4 40. Rg1 (40. Kh2 $17) 40... Rb7 41. Qd2 Qb3 42. Qg2 Rg7 43. Ra1 c4 44. Rc1 (44. a4 $142) 44... Rgf7 {[%cal Rf4f3]} ({Don't do} 44... Qxa3 45. Rxc4 Qe3 46. Rc2 $17) 45. Rg1 (45. Qc2 $142) 45... R7f6 46. a4 Qxa4 ({Not} 46... Rxf3 47. Rxf3 Qxf3 48. Qxf3 $17) 47. Qb2 Qb3 ({Stronger than} 47... Rxf3 48. Rxf3 Rxf3 49. Qb7+ Kh6 50. Qe7 $11) 48. Qxb3 cxb3 {[%mdl 4096] Endgame KRR-KRR} 49. Kg2 {intending Rb1.} Rf8 50. Rb1 Rb8 51. Rb2 Rf7 52. Kg3 $2 (52. Rh1 Ra7 53. Rc1) 52... Rc7 53. Rhh2 g5 {Played: Rc7-c3} 0-1

[Event "UKR-chT 2019"]
[Site "Chornomorsk"]
[Date "2019.05.25"]
[Round "6.3"]
[White "Sydoryka, Vladyslav"]
[Black "Kovchan, Alexander"]
[Result "0-1"]
[WhiteElo "2269"]
[BlackElo "2566"]
[Annotator "ChessBase"]
[PlyCount "106"]
[EventDate "2019.05.20"]
[EventCountry "UKR"]
[SourceTitle "playchess.com"]
[Source "ChessBase"]
[SourceQuality "1"]
[TimeControl "40/5400+30:1800+30"]

1. c4 {[%emt 0:00:02]} c5 {[%emt 0:00:00]} 2. g3 {[%emt 0:00:09]} g6 {[%emt 0:00:00]} 3. Bg2 {[%emt 0:00:06]} Bg7 {[%emt 0:00:00]} 4. Nc3 {[%emt 0:00:06]} Nc6 {[%emt 0:00:06]} 5. Nf3 {[%emt 0:00:06]} d6 {[%emt 0:00:14]} 6. a3 {[%emt 0:00:30]} e6 {[%emt 0:00:31]} 7. b4 {[%emt 0:00:24]} Nge7 {[%emt 0:00:30]} 8. Rb1 {[%emt 0:01:30]} b6 {[%emt 0:00:41]} 9. O-O {[%emt 0:02:46]} Bb7 {[%emt 0:00:11]} 10. Qc2 {[%emt 0:03:40]} Qd7 {[%emt 0:00:40]} 11. e3 {[%emt 0:05:44]} O-O {[%emt 0:01:38]} 12. d3 {[%emt 0:06:26]} Rfd8 {[%emt 0:12:45]} 13. Rd1 {[%emt 0:02:20]} Rac8 {[%emt 0:01:14]} 14. bxc5 {[%emt 0:05:15]} dxc5 {[%emt 0:01:16]} 15. Bb2 {[%emt 0:00:52]} Nf5 {[%emt 0:02:49]} 16. Ne4 {[%emt 0:03:12]} Qe7 {[%emt 0:07:27]} 17. Bxg7 {[%emt 0:02:39]} Nxg7 {[%emt 0:02:46]} 18. Qb2 {[%emt 0:02:31]} Ne8 {[%emt 0:00:27]} 19. Ne5 {[%emt 0:02:41]} f5 {[%emt 0:07:04]} 20. Nxc6 {[%emt 0:01:37]} Rxc6 {[%emt 0:04:31]} 21. Nc3 {[%emt 0:01:20]} Rcd6 {[%emt 0:00:37]} 22. d4 {[%emt 0:01:33]} Bxg2 {[%emt 0:01:37]} 23. Kxg2 {[%emt 0:00:10]} cxd4 {[%emt 0:03:18]} 24. Nb5 {[%emt 0:15:21]} R6d7 {[%emt 0:10:58]} 25. exd4 {[%emt 0:00:38]} Qf6 {[%emt 0:07:04]} 26. Qe2 {[%emt 0:04:41]} f4 {[%emt 0:11:23]} 27. Re1 {[%emt 0:14:16]} Ng7 {[%emt 0:05:36]} 28. Qf3 {[%emt 0:07:15]} g5 {[%emt 0:05:27]} 29. Re4 {[%emt 0:07:48]} Nf5 {[%emt 0:04:24]} 30. Rbe1 {[%emt 0:00:50]} a6 {[%emt 0:01:09]} 31. Rxe6 {[%emt 0:00:51]} Qf7 {[%emt 0:00:20]} 32. Qg4 {[%emt 0:01:37]} axb5 {[%emt 0:02:23]} 33. Qxg5+ {[%emt 0:00:04]} Ng7 {[%emt 0:00:29]} 34. Re7 {[%emt 0:05:37]} f3+ {[%emt 0:00:12]} 35. Kg1 {[%emt 0:00:59]} Qg6 {[%emt 0:03:28]} 36. Qxb5 {[%emt 0:00:27]} Rxe7 {[%emt 0:00:22]} 37. Rxe7 {[%emt 0:00:02]} Rxd4 {[%emt 0:00:30]} 38. h4 {[%emt 0:00:50]} Rd1+ {[%emt 0:00:33]} 39. Kh2 {[%emt 0:00:01]} Rd2 {[%emt 0:00:49]} 40. Kg1 {[%emt 0:00:00]} Qf6 {[%emt 0:00:00]} 41. Re5 {[%emt 0:04:16]} h6 {[%emt 0:06:05]} 42. Re1 {[%emt 0:04:32]} Qd4 {[%emt 0:06:55]} 43. Qd5+ {[%emt 0:00:21]} Qxd5 {[%emt 0:00:08]} 44. cxd5 {[%emt 0:00:01]} Nf5 {[%emt 0:02:43]} 45. Re6 {[%emt 0:01:12]} h5 {[%emt 0:02:40]} 46. Rxb6 {[%emt 0:01:08]} Rd1+ {[%emt 0:01:20]} 47. Kh2 {[%emt 0:00:01]} Ne3 {[%emt 0:01:35]} 48. g4 {[%emt 0:01:07]} hxg4 {[%emt 0:00:17]} 49. Rb8+ {[%emt 0:01:23]} Kf7 {[%emt 0:00:06]} 50. Kg3 {[%emt 0:00:03]} Rg1+ {[%emt 0:00:18]} 51. Kf4 {[%emt 0:00:01]} Nxd5+ {[%emt 0:00:09]} 52. Ke4 {[%emt 0:00:04]} Nf6+ {[%emt 0:00:53]} 53. Kf4 {[%emt 0:01:53]} Nh5+ {[%emt 0:00:25]} 0-1

[Event "UKR-chT 2019"]
[Site "Chornomorsk"]
[Date "2019.05.25"]
[Round "6.4"]
[White "Brodsky, Michail"]
[Black "Malovanyi, Yulian"]
[Result "1/2-1/2"]
[WhiteElo "2535"]
[BlackElo "2260"]
[Annotator "ChessBase"]
[PlyCount "52"]
[EventDate "2019.05.20"]
[EventCountry "UKR"]
[SourceTitle "playchess.com"]
[Source "ChessBase"]
[SourceQuality "1"]
[TimeControl "40/5400+30:1800+30"]

1. d4 {[%emt 0:00:00]} d5 {[%emt 0:00:00]} 2. c4 {[%emt 0:00:00]} Nc6 {[%emt 0:00:00]} 3. Nc3 {[%emt 0:00:00]} dxc4 {[%emt 0:03:42]} 4. Nf3 {[%emt 0:00:34]} Nf6 {[%emt 0:00:18]} 5. Bg5 {[%emt 0:00:08]} h6 {[%emt 0:00:38]} 6. Bh4 {[%emt 0:00:06]} a6 {[%emt 0:01:45]} 7. e4 {[%emt 0:00:14]} Bg4 {[%emt 0:30:51]} 8. d5 {[%emt 0:01:54]} Ne5 {[%emt 0:00:23]} 9. Bg3 {[%emt 0:00:22]} Nfd7 {[%emt 0:02:16]} 10. Be2 {[%emt 0:00:09]} Bxf3 {[%emt 0:00:37]} 11. gxf3 {[%emt 0:00:06]} g5 {[%emt 0:01:24]} 12. f4 {[%emt 0:02:21]} Ng6 {[%emt 0:18:09]} 13. fxg5 {[%emt 0:00:14]} hxg5 {[%emt 0:00:08]} 14. Qd4 {[%emt 0:00:06]} Rg8 {[%emt 0:02:51]} 15. Qxc4 {[%emt 0:00:34]} Bg7 {[%emt 0:09:15]} 16. Bxc7 {[%emt 0:07:19]} Nge5 {[%emt 0:05:24]} 17. Bxd8 {[%emt 0:02:47]} Nxc4 {[%emt 0:00:03]} 18. Bxc4 {[%emt 0:00:56]} Rxd8 {[%emt 0:01:26]} 19. Ke2 {[%emt 0:01:20]} Bxc3 {[%emt 0:03:37]} 20. bxc3 {[%emt 0:00:06]} Rc8 {[%emt 0:00:06]} 21. Bb3 {[%emt 0:04:46]} Rxc3 {[%emt 0:01:21]} 22. Rac1 {[%emt 0:00:14]} Rxc1 {[%emt 0:01:14]} 23. Rxc1 {[%emt 0:00:03]} Kd8 {[%emt 0:00:13]} 24. Rg1 {[%emt 0:00:26]} Rh8 {[%emt 0:07:34]} 25. Rxg5 {[%emt 0:05:04]} Rxh2 {[%emt 0:00:09]} 26. Rg7 {[%emt 0:18:25]} f6 {[%emt 0:05:41]} 1/2-1/2

[Event "UKR-chT 2019"]
[Site "Chornomorsk"]
[Date "2019.05.25"]
[Round "6.5"]
[White "Kushko, Dmitriy"]
[Black "Omelja, Artem"]
[Result "1/2-1/2"]
[WhiteElo "2255"]
[BlackElo "2451"]
[Annotator "ChessBase"]
[PlyCount "69"]
[EventDate "2019.05.20"]
[EventCountry "UKR"]
[SourceTitle "playchess.com"]
[Source "ChessBase"]
[SourceQuality "1"]
[TimeControl "40/5400+30:1800+30"]

1. Nf3 {[%emt 0:00:00]} d5 {[%emt 0:01:08]} 2. g3 {[%emt 0:00:00]} g6 {[%emt 0:00:37]} 3. Bg2 {[%emt 0:00:01]} Bg7 {[%emt 0:00:08]} 4. O-O {[%emt 0:00:35]} e5 {[%emt 0:00:07]} 5. d3 {[%emt 0:00:06]} Ne7 {[%emt 0:00:10]} 6. e4 {[%emt 0:00:08]} O-O {[%emt 0:00:23]} 7. exd5 {[%emt 0:00:07]} Nxd5 {[%emt 0:00:10]} 8. Re1 {[%emt 0:00:05]} Nc6 {[%emt 0:00:10]} 9. Nc3 {[%emt 0:00:07]} Nde7 {[%emt 0:01:22]} 10. Rb1 {[%emt 0:00:32]} a5 {[%emt 0:02:30]} 11. b3 {[%emt 0:01:04]} h6 {[%emt 0:01:21]} 12. Bb2 {[%emt 0:00:10]} g5 {[%emt 0:00:25]} 13. Nb5 {[%emt 0:04:55]} Ng6 {[%emt 0:00:36]} 14. d4 {[%emt 0:00:37]} exd4 {[%emt 0:01:29]} 15. Nbxd4 {[%emt 0:01:05]} Nxd4 {[%emt 0:00:46]} 16. Bxd4 {[%emt 0:02:11]} Bg4 {[%emt 0:04:16]} 17. Bxg7 {[%emt 0:00:27]} Kxg7 {[%emt 0:00:17]} 18. h3 {[%emt 0:01:03]} Bxf3 {[%emt 0:03:46]} 19. Qxf3 {[%emt 0:05:55]} c6 {[%emt 0:00:08]} 20. Rbd1 {[%emt 0:00:09]} Qf6 {[%emt 0:00:09]} 21. Qxf6+ {[%emt 0:00:21]} Kxf6 {[%emt 0:00:08]} 22. Rd6+ {[%emt 0:00:08]} Kg7 {[%emt 0:00:11]} 23. Rd7 {[%emt 0:00:35]} Rab8 {[%emt 0:01:13]} 24. Red1 {[%emt 0:15:07]} Rfe8 {[%emt 0:00:46]} 25. Kf1 {[%emt 0:00:13]} Nf8 {[%emt 0:01:59]} 26. R7d6 {[%emt 0:02:40]} Re5 {[%emt 0:05:28]} 27. Bf3 {[%emt 0:01:19]} Rbe8 {[%emt 0:01:50]} 28. Rd8 {[%emt 0:01:37]} Re1+ {[%emt 0:01:44]} 29. Rxe1 {[%emt 0:02:21]} Rxd8 {[%emt 0:00:08]} 30. Re7 {[%emt 0:00:15]} Rd7 {[%emt 0:01:38]} 31. Re5 {[%emt 0:01:12]} Rd2 {[%emt 0:02:07]} 32. Rxa5 {[%emt 0:04:44]} Rxc2 {[%emt 0:00:09]} 33. Ra7 {[%emt 0:00:19]} Nd7 {[%emt 0:03:56]} 34. Rxb7 {[%emt 0:14:21]} Ne5 {[%emt 0:01:36]} 35. Be4 {[%emt 0:01:47]} 1/2-1/2

[Event "UKR-chT 2019"]
[Site "Chornomorsk"]
[Date "2019.05.25"]
[Round "6.6"]
[White "Zavgorodniy, Sergiy"]
[Black "Laptii, Nazar"]
[Result "1-0"]
[WhiteElo "2420"]
[BlackElo "2080"]
[Annotator "NA"]
[PlyCount "87"]
[EventDate "2019.05.20"]
[EventCountry "UKR"]
[SourceTitle "playchess.com"]
[Source "ChessBase"]
[SourceQuality "1"]
[TimeControl "40/5400+30:1800+30"]

1. e4 {[%emt 0:00:00]} d5 {[%emt 0:00:00]} 2. exd5 {[%emt 0:00:00]} Nf6 {[%emt 0:00:02]} 3. Nf3 {[%emt 0:03:50]} Nxd5 {[%emt 0:00:21]} 4. b3 {[%emt 0:00:44]} Bf5 {[%emt 0:07:24]} 5. Bb2 {[%emt 0:00:57]} e6 {[%emt 0:00:16]} 6. g3 {[%emt 0:12:23]} h6 {[%emt 0:11:27]} 7. Bg2 {[%emt 0:02:54]} Nc6 {[%emt 0:01:11]} 8. O-O {[%emt 0:01:00]} Nf6 {[%emt 0:01:56]} 9. d3 {[%emt 0:16:06]} Be7 {[%emt 0:00:20]} 10. Nbd2 {[%emt 0:00:21]} O-O {[%emt 0:00:38]} 11. Qe2 {[%emt 0:01:03]} a5 {[%emt 0:11:26]} 12. a3 {[%emt 0:01:02]} Re8 {[%emt 0:06:00]} 13. Ne4 {[%emt 0:07:36]} Bh7 {[%emt 0:02:12]} 14. Rad1 {[%emt 0:02:59]} e5 {[%emt 0:22:11]} 15. Nxe5 {[%emt 0:13:05]} Nxe5 {[%emt 0:01:35]} 16. Bxe5 {[%emt 0:00:19]} Nd7 {[%emt 0:00:27]} 17. Ba1 {[%emt 0:08:01]} Bxa3 {[%emt 0:02:56]} 18. Qg4 {[%emt 0:04:33]} Bf8 {[%emt 0:04:42]} 19. Qf4 {[%emt 0:03:00]} a4 {[%emt 0:04:21]} 20. bxa4 {[%emt 0:00:57]} Rxa4 {[%emt 0:03:01]} 21. Nf6+ {[%emt 0:01:26]} Nxf6 {[%emt 0:01:22]} 22. Qxa4 {[%emt 0:00:17]} c6 {[%emt 0:01:06]} 23. Rfe1 {[%emt 0:00:28]} Rxe1+ {[%emt 0:00:18]} 24. Rxe1 {[%emt 0:00:03]} Bf5 {[%emt 0:00:40]} 25. Qf4 {[%emt 0:02:56]} Qa5 {[%emt 0:00:14]} 26. Qe5 {[%emt 0:02:01]} Qd2 {[%emt 0:01:45]} 27. Qe2 {[%emt 0:00:42]} Qb4 {[%emt 0:00:40]} 28. Bxf6 {[%emt 0:05:25]} gxf6 {[%emt 0:00:05]} 29. h3 {[%emt 0:00:34]} h5 {[%emt 0:01:26]} 30. Kh2 {[%emt 0:01:06]} Bc5 {[%emt 0:03:59]} 31. Ra1 {[%emt 0:00:36]} Bg6 {[%emt 0:02:50]} 32. h4 {[%emt 0:03:01]} Bf8 {[%emt 0:01:20]} 33. Ra8 {[%emt 0:00:27]} Kh7 {[%emt 0:02:28]} 34. Be4 {[%emt 0:00:36]} Qc5 {[%emt 0:00:38]} 35. Bxg6+ {[%emt 0:00:14]} Kxg6 {[%emt 0:00:11]} 36. Rb8 {[%emt 0:01:13]} b5 {[%emt 0:00:26]} 37. Rc8 {[%emt 0:00:20]} Kg7 {[%emt 0:01:12]} 38. Kg1 {[%emt 0:00:39]} b4 {[%emt 0:01:54]} 39. Qe8 {[%emt 0:00:27]} b3 40. cxb3 {[%emt 0:00:00]} f5 {[%emt 0:00:00]} 41. Qxc6 {[%emt 0:00:47]} Qa3 {[%emt 0:04:21]} 42. Qe8 {[%emt 0:00:28]} Qa1+ {[%emt 0:02:08]} 43. Kg2 {[%emt 0:00:10]} f4 {[%emt 0:00:20]} 44. Qxf8+ {[%emt 0:00:09]} 1-0

[Event "UKR-chT 2019"]
[Site "Chornomorsk"]
[Date "2019.05.26"]
[Round "7.1"]
[White "Kovchan, Alexander"]
[Black "Tisevich, Roman"]
[Result "1-0"]
[WhiteElo "2566"]
[BlackElo "2337"]
[Annotator "TA"]
[PlyCount "47"]
[EventDate "2019.05.20"]
[EventCountry "UKR"]
[SourceTitle "playchess.com"]
[Source "ChessBase"]
[SourceQuality "1"]

{[%evp 12,47,57,43,53,42,95,84,98,64,63,52,59,58,103,100,145,145,201,200,202,205,212,216,215,202,235,231,224,205,208,205,199,202,760,764,940,970]} 1. e4 e5 2. Nf3 Nf6 3. Nxe5 Nxe4 4. Qe2 Qe7 5. Qxe4 d6 6. d4 dxe5 7. dxe5 Nc6 {C42: Petroff Defence: 3 Nxe5 and unusual White 3rd moves} 8. Nc3 Qb4 ({Black should play} 8... Qxe5 $14 9. Qxe5+ Nxe5) (8... Qxe5 9. Bf4 Qxe4+ 10. Nxe4 Bf5 11. Bd3 O-O-O 12. O-O-O Bg6 13. a3 Rd4 14. Rhe1 f5 15. Ng3 Rxf4 16. Bxf5+ Rxf5 17. Nxf5 {0-1 (70) Andriasian,Z (2604)-Ponkratov,P (2630) chess.com INT 2019}) 9. Bd3 $146 ({Predecessor:} 9. Bc4 Be6 10. Bxe6 Qxe4+ 11. Nxe4 fxe6 12. O-O Nxe5 13. Bf4 Ng6 14. Bxc7 Rc8 15. Ba5 {1-0 (28) Malik,J (2320)-Skockova,K (1809) Litomysl 2016}) 9... Bd7 {White is better.} 10. O-O (10. f4 {looks sharper.} Qxe4+ 11. Bxe4 Bc5 12. Bd2 O-O-O 13. O-O-O) 10... O-O-O 11. Bf4 Qxe4 12. Bxe4 Re8 13. Rad1 Bb4 14. Nd5 Ba5 (14... Be6 $16 {was worth a try.} 15. a3 Be7) 15. b4 $1 $18 {[%cal Rb4a5]} Bxb4 16. Nxb4 Nxb4 {[#]} 17. Bxb7+ $1 {[%mdl 576] Deflection} Kxb7 18. Rxd7 Rd8 19. Rxf7 {Strongly threatening e6.} Rhf8 20. e6 ({And not} 20. Rxg7 Rxf4 21. g3 Re4 $11) 20... Rxf7 21. exf7 Nc6 22. Rb1+ $1 Kc8 $2 {[#]} (22... Ka6 23. Bxc7 Rf8) 23. Re1 $1 {[%cal Re1e8]} Kb7 {[#]} 24. Bd6 $1 {[%mdl 576] Promotion. Accuracy: White = 94%, Black = 33%.} 1-0

[Event "UKR-chT 2019"]
[Site "Chornomorsk"]
[Date "2019.05.26"]
[Round "7.2"]
[White "Bondarets, Vadim"]
[Black "Brodsky, Michail"]
[Result "0-1"]
[WhiteElo "2236"]
[BlackElo "2535"]
[Annotator "ChessBase"]
[PlyCount "68"]
[EventDate "2019.05.20"]
[EventCountry "UKR"]
[SourceTitle "playchess.com"]
[Source "ChessBase"]
[SourceQuality "1"]
[TimeControl "40/5400+30:1800+30"]

1. Nf3 {[%emt 0:00:00]} d5 {[%emt 0:00:00]} 2. c4 {[%emt 0:00:00]} e6 {[%emt 0:00:00]} 3. b3 {[%emt 0:00:00]} c5 {[%emt 0:00:51]} 4. cxd5 {[%emt 0:00:44]} exd5 {[%emt 0:00:02]} 5. Bb2 {[%emt 0:00:50]} Nf6 {[%emt 0:03:56]} 6. g3 {[%emt 0:00:21]} Nc6 {[%emt 0:02:04]} 7. Bg2 {[%emt 0:00:23]} d4 {[%emt 0:00:19]} 8. O-O {[%emt 0:00:21]} Be7 {[%emt 0:00:10]} 9. Na3 {[%emt 0:06:49]} O-O {[%emt 0:01:12]} 10. Re1 {[%emt 0:12:50]} Nd5 {[%emt 0:06:31]} 11. Nc4 {[%emt 0:08:01]} Bf6 {[%emt 0:09:29]} 12. e4 {[%emt 0:09:56]} Ndb4 {[%emt 0:00:49]} 13. d3 {[%emt 0:01:32]} b5 {[%emt 0:00:43]} 14. Na3 {[%emt 0:00:18]} Qb6 {[%emt 0:04:01]} 15. Nc2 {[%emt 0:02:40]} Be6 {[%emt 0:02:23]} 16. Nxb4 {[%emt 0:01:00]} Nxb4 {[%emt 0:00:02]} 17. Ba3 {[%emt 0:04:05]} a5 {[%emt 0:00:38]} 18. Bxb4 {[%emt 0:00:34]} axb4 {[%emt 0:00:01]} 19. e5 {[%emt 0:00:22]} Be7 {[%emt 0:00:14]} 20. Nd2 {[%emt 0:00:27]} Ra3 21. f4 {[%emt 0:08:26]} g6 {[%emt 0:04:39]} 22. Qe2 {[%emt 0:19:00]} Qa7 {[%emt 0:10:57]} 23. Ne4 {[%emt 0:04:58]} Bxb3 {[%emt 0:00:52]} 24. f5 {[%emt 0:02:38]} gxf5 {[%emt 0:32:35]} 25. Nf6+ {[%emt 0:00:38]} Bxf6 {[%emt 0:00:39]} 26. exf6 {[%emt 0:00:09]} Qa6 {[%emt 0:04:36]} 27. Qd2 {[%emt 0:03:34]} Qxf6 {[%emt 0:00:17]} 28. axb3 {[%emt 0:01:45]} Rxb3 {[%emt 0:00:01]} 29. Bd5 {[%emt 0:00:28]} Rc3 {[%emt 0:01:00]} 30. Ra7 {[%emt 0:00:50]} b3 {[%emt 0:00:50]} 31. Ree7 {[%emt 0:02:05]} Rc2 {[%emt 0:00:36]} 32. Qd1 {[%emt 0:00:40]} Qh6 {[%emt 0:00:15]} 33. Bxf7+ {[%emt 0:03:54]} Rxf7 {[%emt 0:00:49]} 34. Re8+ {[%emt 0:04:28]} Kg7 0-1

[Event "UKR-chT 2019"]
[Site "Chornomorsk"]
[Date "2019.05.26"]
[Round "7.3"]
[White "Zavgorodniy, Sergiy"]
[Black "Zolotariov, Georgiy"]
[Result "1-0"]
[WhiteElo "2420"]
[BlackElo "1895"]
[Annotator "NA"]
[PlyCount "71"]
[EventDate "2019.05.20"]
[EventCountry "UKR"]
[SourceTitle "playchess.com"]
[Source "ChessBase"]
[SourceQuality "1"]
[TimeControl "40/5400+30:1800+30"]

1. e4 {[%emt 0:00:00]} d6 {[%emt 0:01:57]} 2. d4 {[%emt 0:00:00]} Nf6 {[%emt 0:00:04]} 3. Nc3 {[%emt 0:00:05]} g6 {[%emt 0:00:01]} 4. Nf3 {[%emt 0:01:00]} Bg7 {[%emt 0:00:03]} 5. h3 {[%emt 0:00:41]} O-O {[%emt 0:01:45]} 6. Be2 {[%emt 0:00:14]} Nbd7 {[%emt 0:01:09]} 7. O-O {[%emt 0:00:40]} e5 {[%emt 0:04:48]} 8. Re1 {[%emt 0:01:23]} Re8 {[%emt 0:03:58]} 9. dxe5 {[%emt 0:04:48]} dxe5 {[%emt 0:00:33]} 10. Bc4 {[%emt 0:00:16]} Qe7 {[%emt 0:08:54]} 11. a4 {[%emt 0:01:13]} Nb6 {[%emt 0:21:24]} 12. Bb3 {[%emt 0:20:17]} Be6 {[%emt 0:05:12]} 13. a5 {[%emt 0:01:32]} Bxb3 {[%emt 0:07:24]} 14. axb6 {[%emt 0:07:24]} Bc4 {[%emt 0:02:57]} 15. bxa7 {[%emt 0:02:30]} Red8 {[%emt 0:02:25]} 16. Bd2 {[%emt 0:00:26]} c6 {[%emt 0:11:09]} 17. Qc1 {[%emt 0:02:20]} b6 {[%emt 0:06:45]} 18. Be3 {[%emt 0:21:02]} Qc7 {[%emt 0:00:14]} 19. b3 {[%emt 0:01:10]} Be6 {[%emt 0:00:46]} 20. Ra6 {[%emt 0:00:24]} Nd7 {[%emt 0:05:12]} 21. Rd1 {[%emt 0:00:57]} Bf8 {[%emt 0:04:45]} 22. Qa1 {[%emt 0:09:51]} f6 {[%emt 0:00:36]} 23. Na4 {[%emt 0:01:03]} c5 {[%emt 0:00:49]} 24. Nc3 {[%emt 0:00:32]} c4 {[%emt 0:03:42]} 25. Nd5 {[%emt 0:04:03]} Bxd5 {[%emt 0:00:45]} 26. Rxd5 {[%emt 0:00:02]} cxb3 {[%emt 0:01:51]} 27. cxb3 {[%emt 0:00:12]} Nc5 {[%emt 0:00:42]} 28. Bxc5 {[%emt 0:01:12]} Bxc5 {[%emt 0:00:15]} 29. Qd1 {[%emt 0:01:59]} Bd6 {[%emt 0:02:29]} 30. Nd2 {[%emt 0:03:28]} b5 {[%emt 0:00:57]} 31. Nb1 {[%emt 0:00:24]} Be7 {[%emt 0:01:01]} 32. Rxd8+ {[%emt 0:00:13]} Qxd8 {[%emt 0:00:05]} 33. Qxd8+ {[%emt 0:00:42]} Bxd8 {[%emt 0:00:02]} 34. Nc3 {[%emt 0:00:13]} b4 {[%emt 0:00:22]} 35. Nd5 {[%emt 0:00:07]} Kf7 {[%emt 0:00:12]} 36. Nxb4 {[%emt 0:00:11]} 1-0

[Event "UKR-chT 2019"]
[Site "Chornomorsk"]
[Date "2019.05.26"]
[Round "7.4"]
[White "Kamnev, Alexandr"]
[Black "Voitovich, Vladislav"]
[Result "1/2-1/2"]
[WhiteElo "1868"]
[BlackElo "2325"]
[Annotator "NA"]
[PlyCount "38"]
[EventDate "2019.05.20"]
[EventCountry "UKR"]
[SourceTitle "playchess.com"]
[Source "ChessBase"]
[SourceQuality "1"]
[TimeControl "40/5400+30:1800+30"]

1. e4 {[%emt 0:00:00]} Nf6 {[%emt 0:00:00]} 2. Nc3 {[%emt 0:00:22]} e5 {[%emt 0:00:13]} 3. Nf3 {[%emt 0:01:00]} Nc6 {[%emt 0:02:29]} 4. Bb5 {[%emt 0:02:04]} Bc5 {[%emt 0:11:54]} 5. O-O {[%emt 0:09:30]} Qe7 {[%emt 0:02:05]} 6. d3 {[%emt 0:03:20]} a6 {[%emt 0:01:05]} 7. Ba4 {[%emt 0:05:35]} h6 {[%emt 0:02:26]} 8. Nd5 {[%emt 0:07:10]} Nxd5 {[%emt 0:23:02]} 9. exd5 {[%emt 0:01:37]} Nd4 {[%emt 0:00:50]} 10. Nxe5 {[%emt 0:02:31]} O-O {[%emt 0:00:30]} 11. Re1 {[%emt 0:01:06]} b5 {[%emt 0:03:38]} 12. Bb3 {[%emt 0:17:30]} d6 {[%emt 0:04:38]} 13. Ng6 {[%emt 0:10:22]} Qf6 {[%emt 0:00:59]} 14. Nxf8 {[%emt 0:01:22]} Nxb3 {[%emt 0:00:40]} 15. Re8 {[%emt 0:00:30]} Qxf2+ {[%emt 0:01:00]} 16. Kh1 {[%emt 0:00:15]} Bh3 {[%emt 0:00:52]} 17. gxh3 {[%emt 0:10:59]} Rxe8 {[%emt 0:00:08]} 18. Be3 {[%emt 0:01:12]} Rxe3 {[%emt 0:00:41]} 19. axb3 {[%emt 0:00:12]} Re1+ {[%emt 0:00:21]} 1/2-1/2